01354nam a2200241Ia 4500001000600000003000900006008004100015040001300056040001300069041001300082100001900095100002900114245009700143245009700240250001100337260001200348260001500360260004900375300004300424500058200467650003201049650003101081D1980IT-RoPAU130308s9999 xx 000 0 und d aIT-RoPAU cIT-RoPAU aITALIANO aLesina Roberto gCodice Aut. SPICS: 44344 aSoftware & hardware - Dizionario dei termini informatici italiano-inglese e inglese-italiano bSoftware & Hardware - Dizionario dei termini informatici Italiano-Inglese e Inglese-Italiano a1a ed. aBOLOGNA bZanichelli c1991 [1° Ed.:1991 - Ed.Ling.Originale:1991] a"416 p. (prefazione: no ; testo: 416)" aVolume si Propone di mettere Ordine nella babele Terminologica Informatica, Spiegando Il Significato di Ogni Termine e Facendo Corrispondere Ad Ogni Definizione di Tipo Enciclopedico la Corretta Parola o Locuzione Sia Italiana che Inglese. sezione Italiano Inglese: Oltre 4400 Voci in Cui Ciascun Termine è Seguito della Traduzione inglese e da una Definizione Enciclopedica. sezione Inglese.Italiano: Oltre 4000 Voci inglesi con la corrispondente Traduzione Italiana. sezione di Nomenclatura: 26 tavole Bilingui Suddivise in 450 Sezioni. Indici Analitici Italiano e Ignlese. aENCICLOPEDIE DI INFORMATICA eCodice materia Spics: 4201